[Event "Medellin de La Raza U2000 op"]
[Site "Medellin"]
[Date "2023.10.16"]
[Round "8"]
[White "Roldan Arboleda, Jorge Alain"]
[Black "Gonzalez Guevara, Juan Felipe"]
[Result "1-0"]
[WhiteElo "1600"]
[BlackElo "1734"]
[PlyCount "55"]
[EventDate "2023.10.12"]
[EventType "swiss"]
[EventRounds "9"]
[EventCountry "COL"]
[SourceTitle "Mega2024 Update 01"]
[Source "Chessbase"]
[SourceDate "2023.11.12"]
[SourceVersion "1"]
[SourceVersionDate "2023.11.12"]
[SourceQuality "1"]

1. e4 c5 2. Nf3 e6 3. d4 cxd4 4. Nxd4 a6 5. Nc3 Qc7 6. a3 Nf6 7. Be2 Nc6 8. 0-0 Bc5 9. Be3 Ba7 10. Qd2 d6 11. Rad1 Bb8 12. f4 0-0 13. Qe1 Nxd4 14. Bxd4 Ba7 15. Bxa7 Rxa7 16. Bd3 Qc5+ 17. Kh1 e5 18. b4 Qc7 19. fxe5 dxe5 20. Rxf6 Be6 21. Rf1 Rd8 22. Qf2 Raa8 23. Nd5 Bxd5 24. exd5 Rd6 25. Qf5 Rh6 26. d6 Qd8 27. Qxf7+ Kh8 28. d7 1-0